000 00470nam a22001337a 4500
005 20250807102100.0
008 250807b |||||||| |||| 00| 0 eng d
050 _aTHE;HG 1642.K4 M87 2018
100 _aJANEFFER NJERI MURAGE
245 _aEFFECT OF LOAN MANAGEMENT TECHNIQUES ON FINANCIAL PERFORMANCE OF DEPOSIT TAKING SAVINGS AND CREDIT COOPERATIVE SOCIETIES IN KISII COUNTY KENYA
260 _aKENYA
_bKISII UNIVERSITY
_c2018
300 _aX,104
942 _2lcc
_cREF
999 _c215996
_d215996